[Event "SE-2021-0-00325"]
[Site "LSS email"]
[Date "2021.02.20"]
[Round "?"]
[White "Raines, David"]
[Black "Couspeyre, Thierry"]
[Result "1/2-1/2"]
[WhiteElo "1204"]
[BlackElo "1232"]
[PlyCount "43"]
[EventDate "2020.11.04"]
[EventType "tourn (corr)"]
[EventRounds "6"]
[EventCountry "GER"]
[SourceTitle "Corr 2024"]
[Source "ChessBase"]
[SourceDate "2023.10.19"]
[SourceVersion "1"]
[SourceVersionDate "2023.10.19"]
[SourceQuality "1"]

1. d4 f5 2. Nf3 Nf6 3. c4 g6 4. Nc3 Bg7 5. Bg5 0-0 6. Bxf6 Bxf6 7. e4 d6 8. Be2 Nc6 9. 0-0 e5 10. d5 Ne7 11. b4 Kh8 12. c5 dxc5 13. bxc5 Bg7 14. Bc4 fxe4 15. Nxe4 Bf5 16. Re1 b6 17. d6 cxd6 18. Nxd6 e4 19. Ng5 Qc7 20. Ngf7+ Kg8 21. Nh6+ Kh8 22. Nhf7+ 1/2-1/2

[Event "SE-2021-0-00325"]
[Site "LSS email"]
[Date "2021.02.20"]
[Round "?"]
[White "Wilshusen, Horst"]
[Black "Couspeyre, Thierry"]
[Result "0-1"]
[WhiteElo "1172"]
[BlackElo "1232"]
[PlyCount "72"]
[EventDate "2020.11.04"]
[EventType "tourn (corr)"]
[EventRounds "6"]
[EventCountry "GER"]
[SourceTitle "Corr 2024"]
[Source "ChessBase"]
[SourceDate "2023.10.19"]
[SourceVersion "1"]
[SourceVersionDate "2023.10.19"]
[SourceQuality "1"]

1. e4 c5 2. Nc3 d6 3. g3 Nf6 4. Bg2 Bg4 5. Bf3 h5 6. h3 Bd7 7. d3 Nc6 8. Be3 g6 9. Qd2 Bg7 10. Bg2 Qb6 11. Nge2 0-0-0 12. a3 Nd4 13. Nd1 Kb8 14. b4 Nxe2 15. Qxe2 Nxe4 16. Rb1 Nc3 17. Nxc3 Bxc3+ 18. Bd2 Bxd2+ 19. Qxd2 Bc6 20. 0-0 Bxg2 21. Kxg2 Qc6+ 22. Kg1 c4 23. d4 e5 24. d5 Qd7 25. Kg2 f5 26. b5 h4 27. Qc3 hxg3 28. fxg3 Qh7 29. Rh1 Rc8 30. Qe3 g5 31. Rb4 f4 32. Qf2 Qe4+ 33. Kg1 Qxd5 34. Qe1 fxg3 35. Qxg3 Rcf8 36. Qg2 Qd4+ 0-1

[Event "OP-2021-0-05086"]
[Site "LSS email"]
[Date "2021.01.19"]
[Round "?"]
[White "Couspeyre, Thierry"]
[Black "Guerin, Bernard"]
[Result "1-0"]
[WhiteElo "1261"]
[BlackElo "800"]
[PlyCount "79"]
[EventDate "2021.01.17"]
[EventType "tourn (corr)"]
[EventRounds "4"]
[EventCountry "GER"]
[SourceTitle "Corr 2022"]
[Source "ChessBase"]
[SourceDate "2021.10.24"]
[SourceVersion "1"]
[SourceVersionDate "2021.10.24"]
[SourceQuality "1"]

1. d4 e6 2. e4 Nf6 3. Nc3 Bb4 4. Bd2 Bxc3 5. Bxc3 Nxe4 6. Qg4 Nxc3 7. Qxg7 Ke7 8. bxc3 Qg8 9. Qxg8 Rxg8 10. Rb1 a6 11. Nh3 b5 12. Bd3 Rxg2 13. Be4 Rg7 14. Bxa8 d5 15. a4 Bd7 16. axb5 Bxb5 17. Bb7 Bc4 18. Rg1 Rg6 19. Rxg6 hxg6 20. Bxd5 Bxd5 21. Rxb8 f6 22. Nf4 Be4 23. Nd3 g5 24. Kd2 a5 25. Rb5 a4 26. Ra5 Bc6 27. Nc5 f5 28. Nxa4 Bd5 29. Rc5 c6 30. Nb2 g4 31. Nd3 Kf6 32. Ne5 Kg5 33. Nxc6 Kh4 34. c4 Be4 35. d5 exd5 36. cxd5 Kh3 37. d6 Kg2 38. d7 Kxf2 39. d8Q Kg2 40. Qh4 1-0

[Event "SE-2021-0-00017"]
[Site "LSS email"]
[Date "2021.01.09"]
[Round "?"]
[White "Couspeyre, Thierry"]
[Black "Raines, David"]
[Result "1-0"]
[WhiteElo "1257"]
[BlackElo "1204"]
[PlyCount "43"]
[EventDate "2020.10.22"]
[EventType "tourn (corr)"]
[EventRounds "6"]
[EventCountry "GER"]
[SourceTitle "Corr 2024"]
[Source "ChessBase"]
[SourceDate "2023.10.19"]
[SourceVersion "1"]
[SourceVersionDate "2023.10.19"]
[SourceQuality "1"]

1. g3 Nf6 2. Bg2 g6 3. Nf3 Bg7 4. 0-0 0-0 5. d4 d5 6. c4 c6 7. Nc3 dxc4 8. a4 Nd5 9. e4 Nxc3 10. bxc3 b5 11. Ne5 Bxe5 12. dxe5 Qxd1 13. Rxd1 Be6 14. f4 a6 15. f5 gxf5 16. exf5 Bxf5 17. axb5 Ra7 18. Be3 Rd7 19. Rxd7 Nxd7 20. bxa6 Nxe5 21. a7 Ra8 22. Bd4 1-0